000 00601nam a2200229Ia 4500
003 0100
008 130303s9999 xx 000 0 und d
020 _a521434548
040 _cARRUPELIB
050 _aPQ4410.B55B67 1994
100 _aBotterill, Steven
245 _aDante and the mystical tradition
245 _bBernard of Clairvaux in the Commedia
260 _aCambridge
260 _bCambridge University Press
260 _C1994
300 _ax
300 _b 269p. 23cm.
440 _aCambridge studies in medieval literature , 22
700 _aSteven Botterill
942 0 0 _01
999 _c13155
_d13155